000 00687nam a22001817a 4500
001 1441
005 20230918091317.0
020 _a9781740896481
040 _aFISKH
_beng
_cFISKH
_dFISKH
082 _a612
100 _aMcMillan, Beverly
245 _aThe illustrated atlas of the human body /
260 _aSydney :
_bWeldon Owen,
_c2008
300 _a288 pages :
_c35 x 28 cm
520 _aUses microphotography, advanced medical imaging, and annotated illustrations to provide scientific information about the human body, covering the body systems, bones, muscles and skin, sensory and digestive processes, and the brain and internal organs.
650 _aAnatomy
942 _2ddc
_cBK
_n0
999 _c1441
_d1441